000 00311nam a22001337a 4500
008 190223b xxu||||| |||| 00| 0 eng d
020 _a9780195123777
041 _aeng
080 _24th
_a371
100 _a25
101 _aEDU
245 _aThe Writing Teacher's Sourcebook
_cCorbett, E.P.J
942 _2udc
_cBK
999 _c54168
_d54168